[Event "Roncana op-B 11th"]
[Site "Santa Eulalia de Roncana"]
[Date "2017.10.07"]
[Round "3.6"]
[White "Parra Ordorica, Arnau"]
[Black "Gallego Andres, Carles"]
[Result "1-0"]
[WhiteElo "1502"]
[BlackElo "1525"]
[PlyCount "79"]
[EventDate "2017.09.23"]
[EventType "swiss"]
[EventRounds "8"]
[EventCountry "ESP"]
[SourceTitle "EXT 2024"]
[Source "ChessBase"]
[SourceDate "2023.10.10"]
[SourceVersion "1"]
[SourceVersionDate "2023.10.10"]
[SourceQuality "1"]

1. e4 e5 2. Nf3 Nf6 3. Nxe5 d6 4. Nf3 Nxe4 5. Nc3 Nxc3 6. dxc3 Be7 7. Be3 Bg4 8. h3 Bh5 9. Qd5 Bxf3 10. Qxf3 Nc6 11. Bb5 Qd7 12. 0-0 a6 13. Ba4 0-0 14. Qg3 Qf5 15. Rfe1 b5 16. Bb3 Na5 17. Rad1 Nxb3 18. cxb3 Rfe8 19. Rd2 Bg5 20. Rde2 Bxe3 21. Rxe3 Rxe3 22. Qxe3 Qd7 23. Qe4 d5 24. Qe7 Qc6 25. Re5 g6 26. a3 Kg7 27. Qg5 f6 28. Re7+ Kf8 29. Qe3 Re8 30. Rxe8+ Qxe8 31. Qc5+ Kg7 32. Qxc7+ Kh6 33. Qf4+ Kg7 34. Kf1 Qe5 35. Qxe5 fxe5 36. Ke2 Kf6 37. Kd3 Ke6 38. c4 d4 39. cxb5 axb5 40. a4 1-0

[Event "Roncana op-B 10th"]
[Site "Santa Eulalia de Roncana"]
[Date "2016.09.24"]
[Round "1"]
[White "Gallego Andres, Carles"]
[Black "Lopez Torralba, Oscar"]
[Result "0-1"]
[WhiteElo "1500"]
[BlackElo "1779"]
[PlyCount "95"]
[EventDate "2016.09.24"]
[EventType "swiss"]
[EventRounds "8"]
[EventCountry "ESP"]
[SourceTitle "EXT 2018"]
[Source "ChessBase"]
[SourceDate "2017.10.13"]
[SourceVersion "1"]
[SourceVersionDate "2017.10.13"]
[SourceQuality "1"]

1. d4 Nf6 2. c4 g6 3. Nc3 Bg7 4. Nf3 d6 5. e4 0-0 6. Be2 Nc6 7. d5 Ne5 8. Nxe5 dxe5 9. 0-0 c6 10. Be3 cxd5 11. cxd5 Ne8 12. Rc1 Nd6 13. Nb5 b6 14. Nxd6 exd6 15. Bb5 f5 16. Bc6 Rb8 17. f3 f4 18. Bf2 h5 19. h3 h4 20. Kh2 g5 21. Qe1 Rf6 22. Bb5 Rf7 23. a4 Rbb7 24. Ba6 Rbc7 25. Rxc7 Rxc7 26. Bxc8 Qxc8 27. Qb4 Bf8 28. a5 bxa5 29. Qxa5 a6 30. b4 Rc2 31. Bb6 Qc4 32. Rf2 Rc1 33. Qa3 Be7 34. Ba5 Kf7 35. Qa2 Qd4 36. Qd2 Qa1 37. Qxc1 Qxc1 38. Ra2 Qc4 39. Ra1 Ke8 40. Rb1 Bd8 41. Rb2 Kd7 42. Rb1 Qb5 43. Ra1 Bb6 44. Kh1 Be3 45. Kh2 Bd2 46. Ra2 Be1 47. Ra1 Bc3 48. Kh1 0-1